[Event "SPICE Spring Invitational"]
[Site "Lubbock USA"]
[Date "2011.03.15"]
[Round "8"]
[White "Kuljasevic, Davorin"]
[Black "Sipos, Istvan"]
[Result "1/2-1/2"]
[WhiteTitle "GM"]
[BlackTitle "IM"]
[WhiteElo "2528"]
[BlackElo "2407"]
[WhiteFideId "14506661"]
[BlackFideId "720631"]
[EventDate "2011.03.12"]

1. d4 Nf6 2. c4 g6 3. Nc3 Bg7 4. e4 d6 5. Nf3 O-O 6. h3 e5 7. dxe5 dxe5 8. Be3
Qe7 9. Nd5 Nxd5 10. cxd5 Rd8 11. Qb3 c6 12. Rc1 cxd5 13. exd5 Na6 14. Bc4 Qb4+
15. Qxb4 Nxb4 16. Rd1 Bf5 17. d6 h6 18. O-O Rac8 19. b3 1/2-1/2

[Event "SPICE Spring Invitational"]
[Site "Lubbock USA"]
[Date "2011.03.16"]
[Round "9"]
[White "Sipos, Istvan"]
[Black "Kleiman, Jake"]
[Result "1-0"]
[WhiteTitle "IM"]
[BlackTitle "IM"]
[WhiteElo "2407"]
[BlackElo "2413"]
[WhiteFideId "720631"]
[BlackFideId "2020041"]
[EventDate "2011.03.12"]

1. c4 e5 2. Nc3 Bb4 3. Nd5 Bc5 4. Nf3 c6 5. Nc3 Qe7 6. d4 exd4 7. Nxd4 d6 8. Bf4
Nf6 9. e3 O-O 10. Be2 Rd8 11. O-O Nbd7 12. Qc2 Ne5 13. Bg5 h6 14. Bh4 Ng6 15.
Bg3 Bb4 16. Rad1 h5 17. h3 Bxc3 18. bxc3 h4 19. Bh2 Ne5 20. Bf4 Nh7 21. Rd2 Be6
22. c5 dxc5 23. Bxe5 cxd4 24. cxd4 Nf8 25. Rb1 Rac8 26. Bf3 b6 27. Bh2 Qg5 28.
Kh1 Ng6 29. Rc1 c5 30. d5 Rxd5 31. Bxd5 Bxd5 32. f4 Qh5 33. e4 Bc6 34. Rcd1 Ne7
35. f5 Qg5 36. Rf1 Re8 37. Bf4 Qh5 38. Qc4 Kh7 39. Rd6 b5 40. Qc2 Ba8 41. Rd2 c4
42. Bd6 Nc6 43. Rf4 Ne5 44. Kh2 Qh6 45. Bxe5 Rxe5 46. Rdf2 Qd6 47. Rxh4+ Kg8 48.
g3 Re8 49. f6 g6 50. Qc1 Qf8 51. Re2 Re5 52. Qf4 Re6 53. e5 c3 54. Rh6 1-0

[Event "SPICE Spring Invitational"]
[Site "Lubbock USA"]
[Date "2011.03.16"]
[Round "9"]
[White "Altounian, Levon"]
[Black "Kuljasevic, Davorin"]
[Result "1/2-1/2"]
[WhiteTitle "IM"]
[BlackTitle "GM"]
[WhiteElo "2432"]
[BlackElo "2528"]
[WhiteFideId "2011298"]
[BlackFideId "14506661"]
[EventDate "2011.03.12"]

1. e4 e6 2. d4 d5 3. exd5 exd5 4. Nf3 Bd6 5. c4 Nf6 6. c5 Be7 7. Bd3 O-O 8. O-O
b6 9. cxb6 axb6 10. Nc3 Bg4 11. h3 Bh5 12. Re1 c6 13. Bf4 Nbd7 14. Rc1 Re8 15.
g4 Bg6 16. Ne5 Nxe5 17. dxe5 Ne4 18. Nxe4 dxe4 19. Bb1 Bc5 20. Qxd8 Rexd8 21. a3
Ra4 22. Rc3 Bd4 23. Rxc6 Bxb2 24. Bc2 Rxa3 25. Rxb6 Bc3 26. Reb1 e3 27. Rd6 Re8
28. Bxg6 exf2+ 29. Kxf2 hxg6 30. Rb5 g5 31. Bxg5 Bxe5 32. Rd8 Rxd8 33. Bxd8 f6
34. g5 Rxh3 35. gxf6 gxf6 36. Rb7 Rd3 1/2-1/2

[Event "SPICE Spring Invitational"]
[Site "Lubbock USA"]
[Date "2011.03.16"]
[Round "9"]
[White "Esserman, Marc"]
[Black "Naroditsky, Daniel"]
[Result "1/2-1/2"]
[WhiteTitle "IM"]
[BlackTitle "FM"]
[WhiteElo "2425"]
[BlackElo "2438"]
[WhiteFideId "2018616"]
[BlackFideId "2026961"]
[EventDate "2011.03.12"]

1. e4 c5 2. Nf3 d6 3. d4 cxd4 4. Nxd4 Nf6 5. Nc3 a6 6. Bg5 e6 7. f4 Be7 8. Qf3
Qc7 9. O-O-O Nbd7 10. g4 b5 11. Bxf6 Nxf6 12. g5 Nd7 13. f5 Bxg5+ 14. Kb1 Ne5
15. Qh5 Qe7 16. h4 Bf6 17. fxe6 g6 18. exf7+ Qxf7 19. Qh6 Bg7 20. Qd2 Bg4 21.
Ndxb5 axb5 22. Bxb5+ Nd7 23. Rhf1 Qe6 24. Nd5 Qe5 25. Qb4 Qxb2+ 26. Qxb2 Bxb2
27. Nc7+ Ke7 28. Nxa8 Bxd1 29. Rxd1 Be5 30. Nc7 Nb6 31. a4 Rc8 32. Nd5+ Nxd5 33.
exd5 1/2-1/2

[Event "SPICE Spring Invitational"]
[Site "Lubbock USA"]
[Date "2011.03.16"]
[Round "9"]
[White "Diamant, Andre"]
[Black "Yang, Darwin"]
[Result "1-0"]
[WhiteTitle "GM"]
[BlackTitle "FM"]
[WhiteElo "2520"]
[BlackElo "2416"]
[WhiteFideId "2108356"]
[BlackFideId "2029111"]
[EventDate "2011.03.12"]

1. d4 d5 2. c4 e6 3. Nf3 Nf6 4. g3 dxc4 5. Bg2 c5 6. Qa4+ Bd7 7. Qxc4 Nc6 8.
dxc5 Qa5+ 9. Bd2 Qxc5 10. Na3 Rc8 11. O-O Qxc4 12. Nxc4 Nd4 13. Nxd4 Rxc4 14. e3
e5 15. Nf3 Ne4 16. Rac1 Nxd2 17. Nxd2 Rb4 18. b3 Bd6 19. Ne4 Be7 20. Nc5 Bf5 21.
Nxb7 O-O 22. Rc7 Bf6 23. Nd6 Bd3 24. Rd1 e4 25. Bf1 Be5 26. Bxd3 Bxd6 27. Rd7
Bc5 28. Bc4 Rbb8 29. R1d5 Bb6 30. Rf5 1-0

[Event "SPICE Spring Invitational"]
[Site "Lubbock USA"]
[Date "2011.03.16"]
[Round "9"]
[White "Bykhovsky, Anatoly"]
[Black "Aleskerov, Faik"]
[Result "1-0"]
[WhiteTitle "GM"]
[WhiteElo "2517"]
[BlackElo "2322"]
[WhiteFideId "2806991"]
[BlackFideId "13401262"]
[EventDate "2011.03.12"]

1. d4 d5 2. Nf3 Nf6 3. c4 dxc4 4. e3 e6 5. Bxc4 c5 6. O-O a6 7. Bb3 Be7 8. Qe2
cxd4 9. exd4 O-O 10. Nc3 Nc6 11. Rd1 Na5 12. Bc2 b5 13. Ne4 Bb7 14. Nc5 Bd5 15.
Ne5 Nc4 16. Ned3 Ra7 17. a4 bxa4 18. Rxa4 Nb6 19. Ra3 Bc4 20. Be3 Qd5 21. Qe1
Bb5 22. Rc3 Qd8 23. Bc1 Nfd5 24. Ra3 Nc4 25. Ra1 Bg5 26. f4 Bh4 27. g3 Bf6 28.
Ne5 g6 29. b3 Nd6 30. Ba3 Re8 31. Qd2 Ne7 32. Re1 Ndf5 33. Rad1 Nd5 34. Bb1 a5
35. Bc2 h5 36. Qf2 Nb4 37. Be4 Nd5 38. Qf3 Qb6 39. Nxe6 fxe6 40. Bc5 Qa6 41.
Bxd5 Bxe5 42. Rxe5 exd5 43. Bxa7 Rxe5 44. fxe5 Be2 45. Qxd5+ Kg7 46. Re1 Qd3 47.
e6 Qe3+ 48. Kg2 Bf3+ 49. Qxf3 Qxe1 50. d5 h4 51. g4 1-0